000 01042nam a22003377a 4500
001 0065376
003 KOHA_MİRAKIL
005 20260207004559.0
007 ta
008 200224b1999 tu |||gr||||#||||0|tur |
020 _a9756947195
040 _aTR-BiSEU
_btur
_cTR-BiSEU
_erda
041 0 _atur
044 _ctu
050 _aJC423
_b.K49 1999
100 1 _aKeyman, E. Fuat.
245 1 _aTürkiye ve radikal demokrasi: modern zamanlarda siyaset ve demokratik yönetim/
_cE. Fuat Keyman ; E. Fuat Keyman.
264 1 _aİstanbul :
_bBağlam Yayıncılık
_c1999
300 _a211 sayfa; 20 cm
336 _ametin
_btxt
_2rdacontent
337 _aaracısız
_bn
_2rdamedia
338 _acilt
_bnc
_2rdacarrier
490 1 _aBağlam yayınları ;
_v132.
490 1 _aİnceleme/Araştırma ;
_v79.
500 _aKaynakça var.
650 0 _aDemokrasi.
_92890
650 0 _aDemokrasi--Türkiye.
_96919
830 1 _aBağlam yayınları ;
_v132.
_98879
830 1 _aİnceleme/Araştırma ;
_v79.
_9107472
942 _2lcc
_cBK
999 _c65710
_d65710